Honger, strijd en lijden onzer noorderburen (Record no. 1238)

MARC details
000 -LEADER
fixed length control field 00755cam a22002531 4500
001 - CONTROL NUMBER
control field af 47001389
003 - CONTROL NUMBER IDENTIFIER
control field DLC
005 - DATE AND TIME OF LATEST TRANSACTION
control field 20260227110808.0
008 - FIXED-LENGTH DATA ELEMENTS--GENERAL INFORMATION
fixed length control field 870423s1945 ne 000 0 dut
010 ## - LIBRARY OF CONGRESS CONTROL NUMBER
LC control number af 47001389
035 ## - SYSTEM CONTROL NUMBER
System control number (OCoLC)23390639
040 ## - CATALOGING SOURCE
Original cataloging agency DLC
Transcribing agency MiU
Modifying agency DLC
042 ## - AUTHENTICATION CODE
Authentication code premarc
050 00 - LIBRARY OF CONGRESS CALL NUMBER
Classification number D811.5
Item number .D58
082 ## - DEWEY DECIMAL CLASSIFICATION NUMBER
Classification number 940.53492
100 1# - MAIN ENTRY--PERSONAL NAME
Personal name Dockx, Jan.
245 10 - TITLE STATEMENT
Title Honger, strijd en lijden onzer noorderburen
Statement of responsibility, etc. [door] Jan Dockx.
260 ## - PUBLICATION, DISTRIBUTION, ETC.
Place of publication, distribution, etc. [Antwerpen,
Name of publisher, distributor, etc. Uitgeverij "De Palm,"
Date of publication, distribution, etc. 1945.
300 ## - PHYSICAL DESCRIPTION
Extent 48 p.
Dimensions 21 cm.
500 ## - GENERAL NOTE
General note Caption title.
650 #0 - SUBJECT ADDED ENTRY--TOPICAL TERM
Topical term or geographic name entry element World War, 1939-1945
General subdivision Personal narratives, Belgian.
651 #0 - SUBJECT ADDED ENTRY--GEOGRAPHIC NAME
Geographic name Netherlands
General subdivision History
Chronological subdivision German occupation, 1940-1945
651 #0 - SUBJECT ADDED ENTRY--GEOGRAPHIC NAME
Geographic name Haarlem (Netherlands)
General subdivision History.

No items available.

Powered by Koha